K vybraným otázkam poisťovníctva a komerčného poistného trhu
Slovenský komerčný poistný trh je rozvinutý. Ku koncu roku 2006 pôsobilo na Slovensku 26 poisťovní, z toho 25 bolo združených v Slovenskej asociácii poisťovní. Vývoj trhu v oblasti životného poistenia je dynamickejší, ako v neživotnom poistení. SR sa postupne približuje poistnému európskemu priemeru...
Gespeichert in:
| 1. Verfasser: | |
|---|---|
| Format: | Buchkapitel |
| Sprache: | Slowakisch |
| Schlagworte: | |
| Tags: |
Keine Tags, Fügen Sie das erste Tag hinzu!
|
MARC
| LEADER | 00000nla$a2200000$$$4500 | ||
|---|---|---|---|
| 001 | 0064252 | ||
| 005 | 20240502071742.8 | ||
| 041 | 0 | |a slo | |
| 044 | |a SK | ||
| 245 | 1 | 0 | |a K vybraným otázkam poisťovníctva a komerčného poistného trhu |c Barbora Drugdová |
| 520 | |a Slovenský komerčný poistný trh je rozvinutý. Ku koncu roku 2006 pôsobilo na Slovensku 26 poisťovní, z toho 25 bolo združených v Slovenskej asociácii poisťovní. Vývoj trhu v oblasti životného poistenia je dynamickejší, ako v neživotnom poistení. SR sa postupne približuje poistnému európskemu priemeru, ktorý zhruba predstavuje 66 percent v prospech životného poistenia. | ||
| 610 | 2 | 0 | |a poisťovníctvo |
| 610 | 2 | 0 | |a trh poistný |
| 610 | 2 | 0 | |a poistenie životné |
| 610 | 2 | 0 | |a poistenie neživotné |
| 610 | 2 | 0 | |a Slovensko |
| 100 | 1 | |a Drugdová, Barbora | |